Fiškálna politika a štátny dlh v ekonomických teóriách
Guardado en:
| Autor principal: | |
|---|---|
| Formato: | Capítulo de libro |
| Lenguaje: | eslovaco |
| Etiquetas: |
Sin Etiquetas, Sea el primero en etiquetar este registro!
|
MARC
| LEADER | 00000naa$a2200000$$$4500 | ||
|---|---|---|---|
| 001 | 0116292 | ||
| 005 | 20240502072309.7 | ||
| 041 | 0 | |a slo | |
| 044 | |a SK | ||
| 245 | 1 | 0 | |a Fiškálna politika a štátny dlh v ekonomických teóriách |c Marta Martincová |
| 500 | |a Dokument je aj vo francúzskej mutácii | ||
| 100 | 1 | |a Martincová, Marta, 1955- | |